Strictly come dancing pros. - Statistics

General Stats
  • This quiz has been taken 53 times
    49 since last reset
  • The average score is 18 of 57
Answer Stats
Professional % Correct
series 15- Dianne Buswell
81%
series 1- Anton Du Beke
76%
series 14- Neil Jones
74%
series 14- Katya Jones
71%
series 10- Karen Hauer
67%
series 11-17 Kevin Clifton
64%
series 15- Amy Dowden
62%
series 13- Giovanni Pernice
60%
series 11- Janette Manrara
60%
series 13- Oti Mabuse
60%
series 14- Gorka Marquez
52%
series 1-15 Brendan Cole
50%
series 16- Graziano Di Prima
50%
series 12-14 Joanne Clifton
50%
series 16- Johannes Radebe
50%
series 16- Luba Mushtuk
48%
series 17- Nancy Xu
48%
series 4-11 James Jordan
43%
series 4-13 Ola Jordan
43%
series 14-17 Aj Pritchard
40%
series 1-10 Erin Boag
36%
series 7-14 Natalie Lowe
36%
series 11- Aljaz Skorjanec
33%
series 14 Oksana Platero
33%
series 2-7 Ian Waite
31%
series 4-10 Flavia Cacace
29%
series 2-7 Darren Bennett
26%
series 3-6 Karen Hardy
26%
series 8-11 Robin Windsor
26%
series 4-10 Vincent Simone
26%
series 7-13 Aliona Vilani
24%
series 18- Kai Widdrington
24%
series 9-16 Pasha Kovalev
24%
series 1-6 Camilla Dallerup
21%
series 13 Gleb Savchenko
21%
series 12 Trent Whiddon
21%
series 12-13 Tristan Macmanus
19%
series 3-7 Matthew Cutler
17%
series 2 Hazel Newberry
14%
series 6-13 Kristina Rihanoff
14%
series 2, 4-5 Nicole Cutler
14%
series 6-7 Brian Fortuna
12%
series 10-12 Iveta Lukosiute
12%
series 7-9 Katya Virshilas
12%
series 1 Kylie Jones
12%
series 2-7 Lilia Kopylova
12%
series 1-2 Paul Killick
12%
series 8-11 Artem Chigvintsev
10%
series 1 John Byrnes
10%
series 8 Jared Murillo
7%
series 11 Anya Garnis
5%
series 1 Hanna Karttunen
5%
series 6 Hayley Holt
5%
series 3 Izabela Hannah
5%
series 3 Andrew Cuerden
0%
series 3 Hanna Haarala
0%
series 15- Nadiya Bchykova
0%
No matching quizzes found
Score Distribution
Percent of People with Each Score
Percentile by Number Answered
Your Score History
You have not taken this quiz since the last reset